000 00910nam a22002537a 4500
003 OSt
005 20170322020002.0
008 130605b engil. | |||| 00| 0 eng d
010 _a2010024461
020 _a0-520-26868-5
040 _cInstituto Humboldt
082 _a597.176098
_bA333h
100 1 _aAlbert, James S.
_928
245 1 0 _aHistorical biogeography of neotropical freshwater fishes
_cEditado por James S. Albert, Roberto E. Reis
250 _bs,
260 _aBerkeley:
_bUniversity of California Pres,
_cc2011
300 _axv, 388 p.: il., mapas;
_c29 cm.
504 _aIncluye referencias bibliográficas (319-366 p) e índice.
650 _aFheswater fishes
_xGeografical distribution
_zLatin America
_929
650 _aFishes
_xGeografical distribution
_zTropics
_930
650 _aHistorical geology
_zLatin America
_931
700 _aReis, Roberto S
_932
942 _2ddc
_cIMPRESO
_k597.17
_06
999 _c7303
_d7303